الفراشات / (رقم التسجيلة. 112041)
[ عرض عادي ]
| 000 -الفاتح | |
|---|---|
| عناصر البيانات ثابتة الطول | 01038nam a22002777i 4500 |
| 005 - تاريخ ووقت آخر معاملة | |
| حقل ضبط | 20251108174541.0 |
| 008 - عناصر البيانات ثابتة الطول | |
| عناصر البيانات ثابتة الطول | 250721s2004 200a cr 000 0 ara d |
| 020 ## - الترقيم الدولي المعياري للكتب (ردمك) | |
| الترقيم الدولي المعياري للكتب (ردمك) | 9773455181 |
| 041 1# - كود اللغة | |
| كود اللغة لنص/مسار صوت أو عنوان منفصل | ara |
| 082 14 - رقم تصنيف ديوي العشري | |
| رقم التصنيف | 595.7 |
| رقم المادة | ه ا و |
| 100 1# - مدخل رئيسي – اسم شخصي | |
| الاسم الشخصي | هاول، لورا |
| علاقة الشخص بالعمل/ دوره | مؤلف. |
| 245 12 - بيان العنوان | |
| العنوان | الفراشات / |
| بيان المسؤولية | تأليف لورا هاول، روزاموند كيدمان كوكس، باربارا كورك ؛ ترجمة إيهاب عبدالسلام. |
| 260 1# - بيانات النشر، التوزيع…إلخ | |
| تاريخ النشر، التوزيع...إلخ | . |
| 264 31 - بيانات النشر، التوزيع…إلخ | |
| مكان النشر، التوزيع...إلخ | القاهرة : |
| اسم الناشر، الموزع...إلخ | دار الفاروق للنشر والتوزيع. |
| تاريخ النشر، التوزيع...إلخ | 2004. |
| 300 ## - الوصف المادي | |
| عدد الوحدات المكونة للوعاء | 23 صفحة. |
| 490 0# - بيان السلسلة | |
| عنوان السلسلة | هذا خلق الله. |
| 650 17 - مدخل إضافي بالموضوع - مصطلح موضوعي | |
| مصطلح موضوعي أو اسم جغرافي كعنصر مدخل | العلوم. |
| 650 17 - مدخل إضافي بالموضوع - مصطلح موضوعي | |
| مصطلح موضوعي أو اسم جغرافي كعنصر مدخل | الفراشات. |
| 653 ## - رأس موضوع – غير مقيد | |
| المصطلح / رأس الموضوع غير المقيد | اطفال مرحله متوسطه (6-9) سنوات. |
| 700 1# - مدخل إضافي - اسم شخصي | |
| الاسم الشخصي | كورك، باربارا |
| علاقة الشخص بالعمل/ دوره | مؤلف. |
| 700 1# - مدخل إضافي - اسم شخصي | |
| الاسم الشخصي | كوكس، روزاموند كيدمان. |
| 700 1# - مدخل إضافي - اسم شخصي | |
| الاسم الشخصي | عبد السلام، إيهاب |
| علاقة الشخص بالعمل/ دوره | مترجم. |
| 830 10 - مدخل إضافي بالسلسلة-عنوان مقنن | |
| عنوان السلسسلة | هذا خلق الله. |
| 942 ## - بيانات إضافية (كوها) | |
| نوع التنصيف | Dewey Decimal Classification |
| نوع المادة (كوها) | كتب |
| حالة السحب | حالة الفقدان | مصدر التصنيف | حالة التلف | غير قابل للإعارة | المكتبة الرئيسية | المكتبة الحالية | موقع الرف | تاريخ التزويد | الرقم المتسلسل | Total Checkouts | رقم الإستدعاء | الباركود | تاريخ آخر ظهور | تاريخ الفاتورة | نوع المادة (كوها) | مصدر التزويد | العملة | التكلفة، سعر الشراء العادي | التكلفة وسعر الاستبدال |
|---|---|---|---|---|---|---|---|---|---|---|---|---|---|---|---|---|---|---|---|
| Dewey Decimal Classification | المكتبة المركزية | المكتبة المركزية | مقتنيات قسم التزويد | 28/07/2025 | 1190033 | ط/595.7/هاو | PLD00008458 | 28/07/2025 | 28/07/2025 | كتب | |||||||||
| Dewey Decimal Classification | المكتبة المركزية | المكتبة المركزية | الأطفال | 21/10/2025 | 1795869 | ط / 599.7 / ه ا و | PLD00518783 | 21/10/2025 | 21/10/2025 | كتب | 18 | JOD | 3.00 | 3.00 | |||||
| Dewey Decimal Classification | مكتبة البشائر للأطفال | مكتبة البشائر للأطفال | الأطفال | 21/10/2025 | 1795872 | ط / 599.7 / ه ا و | PLD00518786 | 21/10/2025 | 21/10/2025 | كتب | 18 | JOD | 3.00 | 3.00 | |||||
| Dewey Decimal Classification | مكتبة قتيبة للأطفال | مكتبة قتيبة للأطفال | الأطفال | 21/10/2025 | 1795874 | ط / 599.7 / ه ا و | PLD00518789 | 21/10/2025 | 21/10/2025 | كتب | 18 | JOD | 3.00 | 3.00 | |||||
| Dewey Decimal Classification | مكتبة النصر العامة | مكتبة النصر العامة | الأطفال | 21/10/2025 | 1795873 | ط / 599.7 / ه ا و | PLD00518787 | 21/10/2025 | 21/10/2025 | كتب | 18 | JOD | 3.00 | 3.00 | |||||
| Dewey Decimal Classification | مكتبة الياسمين للأطفال | مكتبة الياسمين للأطفال | الأطفال | 21/10/2025 | 1795870 | ط / 599.7 / ه ا و | PLD00518784 | 21/10/2025 | 21/10/2025 | كتب | 18 | JOD | 3.00 | 3.00 | |||||
| Dewey Decimal Classification | مكتبة بدر الجديدة للأطفال | مكتبة بدر الجديدة للأطفال | الأطفال | 21/10/2025 | 1795871 | ط / 599.7 / ه ا و | PLD00518785 | 21/10/2025 | 21/10/2025 | كتب | 18 | JOD | 3.00 | 3.00 | |||||
| Dewey Decimal Classification | مكتبة مرج الحمام | مكتبة مرج الحمام | الأطفال | 21/10/2025 | 1795875 | ط / 599.7 / ه ا و | PLD00518788 | 21/10/2025 | 21/10/2025 | كتب | 18 | JOD | 3.00 | 3.00 |